Maisons noble dans Game of Thrones (ASOIAF) : Le Nord - Statistiques

Statistiques générales
  • Ce quiz a été pris 173 fois
    153 depuis la dernière actualisation
  • Le résultat moyen est 15 sur 135
Statistiques - réponses
Groupe Réponse % Correct
Maison suzeraine Stark
100%
Maison suzeraine Winterfell
93%
Maison suzeraine Winter is coming / L'hiver vient
86%
Maisons vassales Karstark
80%
Maisons vassales Bolton
77%
Maisons vassales Mormont
69%
Maisons vassales Omble
55%
Maisons vassales Fort-Terreur
52%
Maisons vassales Manderly
45%
Maisons du Neck Reed
39%
Maisons vassales Île-aux-Ours
33%
Maisons éteintes île-aux-ours
33%
Maisons vassales Un écorché rouge sur champ rose de sang
33%
Maisons de maîtres Glover
32%
Maisons vassales Âtre-lès-Confins
28%
Maisons vassales Blancport
27%
Maison suzeraine Un loup-garou gris sur champ de neige immaculé
27%
Maisons vassales Karhold
23%
Maisons de maîtres Motte-la-Forêt
23%
Maisons vassales Cerwyn
19%
Maisons vassales Dustin
19%
Maisons vassales Corbois
18%
Maisons de statut inconnu Cassel
17%
Maisons vassales Our Blades are Sharp / Nos lames sont acérées
14%
Maisons de maîtres Tallhart
14%
Maisons sauvageonne (à partir d'ADWD) Thenn
13%
Thenn (Au delà du mur)
13%
Maisons vassales La Tertrée / Tertre-bourg
12%
Maisons du Neck Fort-Griseaux
11%
Maisons vassales Un ours noir sur champ de bois vert
11%
Maisons vassales Un triton blanc, aux cheveux, barbe et queue verts, un trident noir à la main, sur champ bleu-vert
11%
Maisons vassales Castel-Cerwyn
10%
Maisons de maîtres Quart-Torrhen
10%
Maisons vassales Deux haches rouillées aux manches noirs croisées, une couronne noire entre leurs pointes, sur champ jaune
8%
Maisons éteintes Greystark
8%
Maisons vassales Ryswell
8%
Maisons vassales Une échappée blanche sur champ noir / Un soleil blanc sur champ noir
8%
Maisons vassales Here We Stand / Ici nous demeurons
7%
Clans des montagnes Wull
7%
Maisons vassales La Veuve
6%
Maisons vassales Locke
6%
Maisons de statut inconnu Poole
6%
Maisons vassales The Sun of Winter / Le soleil de l'hiver
6%
Maisons sauvageonne (à partir d'ADWD) Barberouge
5%
Maisons vassales les Rus
5%
Maisons éteintes Les Rus
5%
Clans de Skagos Magnar
5%
Clans des montagnes Norroit
5%
Maisons de maîtres Un poing ganté de mailles, d'argent sur champ écarlate
5%
Maisons éteintes Ambre
4%
Maisons vassales Châteauvieux
4%
Maisons du Neck Crevisse
4%
Maisons vassales Flint de la veuve
4%
Clans des montagnes Flint des montagnes
4%
Maisons de statut inconnu Forestier
4%
Maisons éteintes Frimas
4%
Maisons vassales Honed and ready / Aiguisés et prêts
4%
Clans des montagnes Lideuil
4%
Maisons de statut inconnu Mollen
4%
Maisons du Neck Palus
4%
Maisons de statut inconnu Pouce-Flint
4%
Clans de Skagos Stane
4%
Maisons vassales Stout
4%
Maisons vassales Une hache de guerre noire sur champ argenté
4%
Maisons du Neck Un lézard-lion noir sur champ gris-vert
4%
Maisons vassales Un orignac brun aux bois noirs, sur champ tango
4%
Maisons éteintes Verbois
4%
Maisons de statut inconnu Ardoise
3%
Au delà du mur
3%
Maisons du Neck Bonvert
3%
Clans des montagnes Burley
3%
Maisons de statut inconnu Cardon
3%
Maisons de statut inconnu Flint de Pouce-Flint
3%
Clans des montagnes Harclay
3%
Clans de Skagos Kingshouse
3%
Clans des montagnes Knott
3%
Maisons de statut inconnu Marsh
3%
Maisons éteintes Pescheur
3%
Clans de Skagos Rhamp
3%
Maisons vassales Righteous in Wrath / Droits dans la colère
3%
Maisons du Neck Saline
3%
Maisons du Neck Tourbe
3%
Maisons du Neck Tourbier
3%
Maisons éteintes Tourelles
3%
Maisons de maîtres Trois vigiers verts sur champ brun / Trois pins verts sur champ brun
3%
Maisons vassales Une tête de cheval noire aux yeux et à la crinière rouges sur champ de bronze à bordure noire engrêlée
3%
Maisons vassales Un géant rugissant, aux cheveux bruns et vêtu de peaux, avec des chaînes brisées d'argent, sur un champ rouge-flamme
3%
Maisons éteintes Boisfrêne
2%
Maisons de statut inconnu Bosc
2%
Maisons de statut inconnu Branche
2%
Maisons éteintes Cavalié
2%
Clans de Skagos Deepdown
2%
Maisons vassales Des clés en bronze, croisées sur un pal blanc, sur champ violet
2%
Maisons de statut inconnu Dix têtes de loups blanches, 4-3-2-1, sur champ gris avec une bordure noire
2%
Clans de Skagos Driftwood Hall
2%
Maisons de statut inconnu Holt
2%
Maisons de statut inconnu | Maisons éteintes L'Antre du Loup
2%
Maisons de statut inconnu Long
2%
Maisons du Neck Noyrevase
2%
Maisons éteintes Piébois
2%
Clans de Skagos Pointé de flammes sur champ noir
2%
Maisons de statut inconnu Porte-Béline‎
2%
Maisons de maîtres Proud and Free / Fiers et libres
2%
Maisons de statut inconnu Souche
2%
Clans des montagnes Trois seaux bruns sur champ bleu bordé de damiers gris et blancs
2%
Maison sauvageonne (à partir d'ADWD) Un disque de cuivre entouré de flammes rouges, sur champ blanc
2%
Clans de Skagos Un Homard vert sur champ blanc, tenant un harpon noir dans ses pinces
2%
Maisons de statut inconnu Un pin couvert de neige sur une pile sinople-clair sur champ blanc
2%
Clans de Skagos Un tronc de bois flotté, nu et effeuillé sur champ vert pâle
2%
Maisons de statut inconnu Woolfield
2%
Maisons vassales Chevronné de rouille et d'or
1%
Maisons de statut inconnu Dix grenouilles, 4-3-2-1, vertes sur champ jaune
1%
Maisons vassales Ever Vigilant / Toujours vigilants
1%
Clans des montagnes Fretté de marron sur champ blanc
1%
Maisons vassales Goldgrass
1%
Maisons de statut inconnu Noirétang
1%
Clans des montagnes Parti vert et blanc, une ligne d'arbre entre les deux, trois pommes de pin marrons sur le blanc
1%
Maisons de statut inconnu Puits
1%
Clans des montagnes Six chardons verts, 3-2-1, sur champ jaune
1%
Clans des montagnes Trois lunes bleues, croissante, pleine et décroissante sur une bande blanche, sur champ bleu
1%
Maisons du Neck Trois nénuphars noirs sur un champ violet pâle
1%
Maisons de statut inconnu Un besant bleu sur champ blanc, avec un trescheur gris
1%
Clans des montagnes Un couteau blanc sur une pile bleue, sur champ blanc
1%
Maisons de statut inconnu Un double-trescheur blanc sur champ gris pâle
1%
Maisons de statut inconnu Une tête d'aigle entre deux tridents croisés, rouges sur champ blanc
1%
Maisons éteintes Colline Rompière
0%
Maisons de statut inconnu Coupé au premier de cinq tourteaux noirs sur champ gris, au second losangé de vert et de blanc
0%
Maisons éteintes Flint de Colline Rompière
0%
Maisons éteintes Les Roches
0%
Maisons vassales Un champ bleu semé de vagues blanches, un chef jaune à ligne crêtée chargé d'une paire d'yeux bleus
0%
Maisons de statut inconnu Une main gris-pierre sur un pairle sur champ palé de noir et de gris
0%
Aucun quiz correspondant
Distribution des résultats
% des personnes avec chaque résultat
Percentile par nombre de réponses
Votre historique - résultats
Vous n’avez pas pris ce quiz depuis la dernière actualisation